<?xml version="1.0" encoding="UTF-8"?><?xml-stylesheet type="text/xsl" href="static/style.xsl"?><OAI-PMH xmlns="http://www.openarchives.org/OAI/2.0/" xmlns:xsi="http://www.w3.org/2001/XMLSchema-instance" xsi:schemaLocation="http://www.openarchives.org/OAI/2.0/ http://www.openarchives.org/OAI/2.0/OAI-PMH.xsd"><responseDate>2026-04-18T01:23:54Z</responseDate><request verb="GetRecord" identifier="oai:www.recercat.cat:2072/412356" metadataPrefix="marc">https://recercat.cat/oai/request</request><GetRecord><record><header><identifier>oai:recercat.cat:2072/412356</identifier><datestamp>2026-03-13T03:34:26Z</datestamp><setSpec>com_2072_98</setSpec><setSpec>col_2072_378192</setSpec></header><metadata><record xmlns="http://www.loc.gov/MARC21/slim" xmlns:dcterms="http://purl.org/dc/terms/" xmlns:xsi="http://www.w3.org/2001/XMLSchema-instance" xmlns:doc="http://www.lyncode.com/xoai" xsi:schemaLocation="http://www.loc.gov/MARC21/slim http://www.loc.gov/standards/marcxml/schema/MARC21slim.xsd">
   <leader>00925njm 22002777a 4500</leader>
   <datafield ind2=" " ind1=" " tag="042">
      <subfield code="a">dc</subfield>
   </datafield>
   <datafield ind2=" " ind1=" " tag="720">
      <subfield code="a">Zhang, Bing</subfield>
      <subfield code="e">author</subfield>
   </datafield>
   <datafield ind2=" " ind1=" " tag="720">
      <subfield code="a">Añaños, Elena</subfield>
      <subfield code="e">author</subfield>
   </datafield>
   <datafield ind2=" " ind1=" " tag="720">
      <subfield code="a">Zhang, Min</subfield>
      <subfield code="e">author</subfield>
   </datafield>
   <datafield ind2=" " ind1=" " tag="260">
      <subfield code="c">2016</subfield>
   </datafield>
   <datafield ind2=" " ind1=" " tag="520">
      <subfield code="a">We are in a digital society where new technologies are constantly emerging and old technologies are being upgraded faster than we can take in. Digital reading has become an important means of reading, but the visual process for digital and paper reading is different. With the eye tracking technique, the orthogonal design and the regression model, this paper, analyzes audiences' eye movement when reading Chinese e-magazine under visual and auditory stimulations. An experimental e-magazine was created and 80 graduate students were randomly selected. All participants underwent the same setup but under different stimuli; they had to read short sentences while an eye tracker recorded their eye movement; after completion, participants answered a comprehension questionnaire. The most important results, analyzed in terms of eye fixations, are that text dubbing and background colors have a significant effect on reading comprehension, which means that using text dubbing and cool colors can lead to a better reading comprehension. The findings obtained reveal a better knowledge of the e-magazine reading behavior and it can be applied to the design of digital magazines. However, it is necessary to perform specific cross-cultural studies and to unify the units of measurement of eye tracker and the units of measure of reading effectiveness.</subfield>
   </datafield>
   <datafield ind2=" " ind1=" " tag="520">
      <subfield code="a">Estamos en una sociedad digital, donde constantemente están surgiendo tecnologías nuevas y las viejas se actualizan más rápido de lo que a menudo podemos asimilar. En este contexto, la lectura digital se ha convertido en un importante medio de lectura, si bien el proceso visual de la lectura digital y la tradicional (en papel) es diferente. Con la técnica del seguimiento ocular (eye tracking), un diseño ortogonal y la aplicación del modelo estadístico de regresión, este trabajo analiza el movimiento ocular de los sujetos al leer una e-revista en chino que contiene estímulos visuales y auditivos. Se crea una revista experimental y se seleccionan al azar ochenta estudiantes. Todos los sujetos participan en la misma situación experimental pero por diferentes condiciones estimulares; durante la experimentación los participantes leen textos cortos de la e-revista mientras se registran con el eye tracking sus movimientos oculares; al finalizar, responden un cuestionario de comprensión. Los resultados más importantes, analizados en términos de fijaciones oculares, muestran que el texto doblado y el color de fondo tienen un efecto significativo en la comprensión lectora del texto. En general, los resultados obtenidos revelan un mejor conocimiento del procesamiento visual y cognitivo de la lectura de la e-revista y se pueden aplicar en el diseño de revistas digitales. Sin embargo, es necesario realizar estudios interculturales específicos y unificar las unidades de medida tanto de los parámetros del eye tracker como de la eficacia lectora.</subfield>
   </datafield>
   <datafield tag="653" ind2=" " ind1=" ">
      <subfield code="a">E-magazines</subfield>
   </datafield>
   <datafield tag="653" ind2=" " ind1=" ">
      <subfield code="a">Attention</subfield>
   </datafield>
   <datafield tag="653" ind2=" " ind1=" ">
      <subfield code="a">Eye tracker</subfield>
   </datafield>
   <datafield tag="653" ind2=" " ind1=" ">
      <subfield code="a">Digital context</subfield>
   </datafield>
   <datafield tag="653" ind2=" " ind1=" ">
      <subfield code="a">Reading</subfield>
   </datafield>
   <datafield tag="653" ind2=" " ind1=" ">
      <subfield code="a">Multimedia resources</subfield>
   </datafield>
   <datafield tag="653" ind2=" " ind1=" ">
      <subfield code="a">Revistas digitales</subfield>
   </datafield>
   <datafield tag="653" ind2=" " ind1=" ">
      <subfield code="a">Atención</subfield>
   </datafield>
   <datafield tag="653" ind2=" " ind1=" ">
      <subfield code="a">Contexto digital</subfield>
   </datafield>
   <datafield tag="653" ind2=" " ind1=" ">
      <subfield code="a">Lectura</subfield>
   </datafield>
   <datafield tag="653" ind2=" " ind1=" ">
      <subfield code="a">Recursos multimedia</subfield>
   </datafield>
   <datafield ind2="0" ind1="0" tag="245">
      <subfield code="a">Effectiveness of the Auditory and Visual effects of Chinese e-Magazine on the Graduate Students' Reading Process</subfield>
   </datafield>
</record></metadata></record></GetRecord></OAI-PMH>